000 00553nam a22001697a 4500
003 OSt
005 20260114124513.0
008 260114b |||||||| |||| 00| 0 eng d
040 _cMRSPTU
041 _aEnglish
100 _aDivjot Kaur, Supervisor: Abhilasha Jain
245 _aA Modified Track Sector Clustering Scheme For Energy Efficiency in Wireless Sensor Networks
260 _bDepartment of CSE , MRSPTU, Bathinda
_c2018
650 _aComputer Science
856 _uhttp://163.47.215.52:8080/jspui/handle/123456789/213
942 _2ddc
_cTH
_n0
999 _c10628
_d10628